000 01520cam a22004574i 4500
003 PE-LiUPU
005 20250731173514.0
008 150616s r 000 0 d
020 _a0300065116
035 _a(Sirsi) i9780300065114
040 _aPE-LiUPU
_bspa
_cPE-LiUPU
_erda
049 _aPRUA
082 0 4 _a220.64
_bL54
_221
100 1 _aDouglas, Jon D.,
_eautor.
245 1 4 _aThe Death and Resurrection of the Beloved Son.
264 1 _aNew York :
_bVail-Ballou Press,
_c1993.
300 _a257 páginas ;
_c23 centímetros
336 _atext
_2rdacontent
337 _aunmediated
_2rdamedia
338 _avolume
_2rdacarrier
505 0 _aA Father's Gift.- The Beloved Sons in Genesis.- The Beloved Son Between Zion and Golgotha.
526 _aSEG42
526 _aSEG41
526 _aSEG40
526 _aSEG39
526 _aP94
526 _aP87
526 _aP86
526 _aP85
526 _aP77
526 _aP76
526 _aP35
650 0 4 _aSACRIFICIO DE NIÑOS EN LA BIBLIA.
910 _ajck
_bjvq
_cjck
942 _2ddc
_cBOOK
949 _a220.64 L54
_wDEWEY
_c1
_i41429
_lCCODEBUL1
_mBUL
_r0
_sY
_tBOOK
_u2015-6-16
_xTEOLOGIA
_zUNKNOWN
_0COMPRA
_o.STAFF. Colección General
994 _aC0
_bPEPRU
596 _a1
999 _a220.64 L54
_wDEWEY
_c59098
_i41429
_d59098
_e2017-9-20
_f2021-11-9
_g5
_lCCODEBUL1
_mBUL
_n1
_r0
_sY
_tBOOK
_u2015-6-16
_xTEOLOGIA
_zUNKNOWN
_0COMPRA
_o.STAFF. Colección General
980 _81
_gALBERTO SANCHEZ Responsable de Automatización